Platenie preddavkov na daň za rok 2025
Článok sa zameriava na špecifiká platenia preddavkov právnických osôb a základné princípy uplatňované pri fyzických osobách – podnikateľoch a SZČO. Platenie preddavkov v predĺženej lehote na podanie daňového priznania. Posúdenie príjmov zo zdrojov v zahraničí. Sadzby dane pre určenie výšky preddavko...
Gespeichert in:
| 1. Verfasser: | |
|---|---|
| Format: | Buchkapitel |
| Sprache: | Slowakisch |
| Schlagworte: | |
| Tags: |
Keine Tags, Fügen Sie das erste Tag hinzu!
|
MARC
| LEADER | 00000naa a2200000 4500 | ||
|---|---|---|---|
| 001 | 0308123 | ||
| 005 | 20250411154406.7 | ||
| 041 | 0 | |a slo | |
| 044 | |a SK | ||
| 245 | 1 | 0 | |a Platenie preddavkov na daň za rok 2025 |c Nadežda Cígerová |
| 520 | |a Článok sa zameriava na špecifiká platenia preddavkov právnických osôb a základné princípy uplatňované pri fyzických osobách – podnikateľoch a SZČO. Platenie preddavkov v predĺženej lehote na podanie daňového priznania. Posúdenie príjmov zo zdrojov v zahraničí. Sadzby dane pre určenie výšky preddavkov na rok 2025 – kritériá platné pre rok 2023 a 2024. Platenie preddavkov na daň na základe rozhodnutia správcu dane. Preddavkové obdobie verzus zdaňovacie obdobie. | ||
| 610 | 2 | 0 | |a účtovníctvo daňové |
| 610 | 2 | 0 | |a dane z príjmov |
| 610 | 2 | 0 | |a preddavky |
| 610 | 2 | 0 | |a podnikatelia |
| 610 | 2 | 0 | |a osoby právnické |
| 610 | 2 | 0 | |a osoby fyzické |
| 610 | 2 | 0 | |a osoby samostatne zárobkovo činné |
| 610 | 2 | 0 | |a zákony |
| 100 | 1 | |a Cígerová, Nadežda | |